书目信息 |
| 题名: |
企业战略管理
|
|
| 作者: | 秦远建 , 胡继灵 , 林根祥 主编 | |
| 分册: | ||
| 出版信息: | 武汉 武汉理工大学出版社 2002.09 |
|
| 页数: | 334页 | |
| 开本: | 22cm | |
| 丛书名: | 21世纪工商管理课程系列教材 | |
| 单 册: | ||
| 中图分类: | F272 | |
| 科图分类: | ||
| 主题词: | 企业战略管理--教材 , 企业战略管理 , 企业经济 | |
| 电子资源: | ||
| ISBN: | 7-5629-1844-9 | |
| 000 | 00868nam2 2200289 45 | |
| 001 | 012004000000 | |
| 005 | 20080428152627.96 | |
| 010 | @a7-5629-1844-9@dCNY 19.50 | |
| 100 | @a20040920e2002 em y0chiy0121 ea | |
| 101 | 0 | @achi |
| 102 | @aCN@b420000 | |
| 105 | @aak z 000yy | |
| 200 | 1 | @a企业战略管理@Aqi ye zhan lue guan li@f秦远建, 胡继灵, 林根祥主编 |
| 210 | @a武汉@c武汉理工大学出版社@d2002.09@h2003重印 | |
| 215 | @a334页@c图, 表格@d22cm | |
| 225 | 2 | @a21世纪工商管理课程系列教材 |
| 320 | @a本书含参考文献 | |
| 410 | 0 | @12001 @a21世纪工商管理课程系列教材 |
| 606 | 0 | @a企业战略管理@j教材 |
| 606 | 0 | @a企业战略管理 |
| 606 | 0 | @a企业经济 |
| 690 | @aF272@v4 | |
| 701 | 0 | @a秦远建@Aqin yuan jian@4主编 |
| 701 | 0 | @a胡继灵@Ahu ji ling@4主编 |
| 701 | 0 | @a林根祥@Alin gen xiang@4主编 |
| 801 | 0 | @aCN@bQSSKlw@c20080428 |
| 905 | @a10447@dF272@eQ450 | |
| 企业战略管理/秦远建, 胡继灵, 林根祥主编.-武汉:武汉理工大学出版社,2002.09(2003重印) |
| 334页:图, 表格;22cm.-(21世纪工商管理课程系列教材) |
| ISBN 7-5629-1844-9:CNY 19.50 |
| ● |
| 相关链接 |
|
|
|
正题名:企业战略管理
索取号:F272/Q450
 
预约/预借
| 序号 | 登录号 | 条形码 | 馆藏地/架位号 | 状态 | 备注 |
| 1 | 434310 | 204343102 | 社科库409/400A自科库 14排3列2层/ [索取号:F272/Q450] | 在馆 | |
| 2 | 434311 | 204343111 | 社科库409/409社科库 83排2列1层/ [索取号:F272/Q450] | 在馆 | |
| 3 | 434312 | 204343120 | 社科库409/409社科库 83排2列1层/ [索取号:F272/Q450] | 在馆 |